Čaro papiera

Záujem o knihy a čítanie stúpa. Napriek rôznym sociálnym sieťam si ľudia čoraz viac hľadajú cestu späť ku knihám. Kniha je stále vhodným darčekom, ktorý vždy poteší. Slováci sú zatiaľ konzervatívni a preferujú klasiku, teda papierové knihy. Ani deti na čítanie v digitánej dobe nezanevreli. Podpora p...

Descrizione completa

Salvato in:
Dettagli Bibliografici
Autore principale: Mikulcová, Katarína
Natura: Capitolo di libro
Lingua:slovacco
Soggetti:
Tags: Aggiungi Tag
Nessun Tag, puoi essere il primo ad aggiungerne!!

MARC

LEADER 00000naa a2200000 4500
001 0250121
005 20190114154417.1
041 0 |a slo 
044 |a SK 
245 1 0 |a Čaro papiera  |c Katarína Mikulcová 
520 |a Záujem o knihy a čítanie stúpa. Napriek rôznym sociálnym sieťam si ľudia čoraz viac hľadajú cestu späť ku knihám. Kniha je stále vhodným darčekom, ktorý vždy poteší. Slováci sú zatiaľ konzervatívni a preferujú klasiku, teda papierové knihy. Ani deti na čítanie v digitánej dobe nezanevreli. Podpora predaja v kníkupectvách a vydavateľstvách. Obľúbení autori a žánre. 
610 2 0 |a knihy 
610 2 0 |a preferencie spotrebiteľské 
610 2 0 |a podpora predaja 
610 2 0 |a technológie informačné 
610 2 0 |a technológie komunikačné 
610 2 0 |a technológie nové 
100 1 |a Mikulcová, Katarína